Loading...
| Fine Arts - Classical Music | 5 | 12.00 | 80% | 40% | 0% |
| Fine Arts - Other Fine Arts | 7 | 12.86 | 71% | 43% | 14% |
| Fine Arts - Painting & Sculpture | 8 | 13.75 | 88% | 50% | 0% |
| History - American History | 6 | 18.33 | 100% | 50% | 33% |
| History - European History | 4 | 22.50 | 100% | 100% | 25% |
| History - Other History | 6 | 18.33 | 100% | 50% | 33% |
| History - World History | 6 | 13.33 | 100% | 33% | 0% |
| Literature - American Literature | 4 | 17.50 | 100% | 75% | 0% |
| Literature - British Literature | 7 | 14.29 | 100% | 43% | 0% |
| Literature - European Literature | 4 | 15.00 | 100% | 50% | 0% |
| Literature - World Literature | 6 | 16.67 | 83% | 83% | 0% |
| Mythology | 3 | 16.67 | 100% | 67% | 0% |
| Other | 6 | 16.67 | 100% | 33% | 33% |
| Philosophy | 5 | 22.00 | 100% | 80% | 40% |
| Religion | 6 | 15.00 | 83% | 33% | 33% |
| Science - Biology | 7 | 15.71 | 100% | 43% | 14% |
| Science - Chemistry | 7 | 12.86 | 100% | 29% | 0% |
| Science - Other Science | 4 | 12.50 | 100% | 0% | 25% |
| Science - Physics | 5 | 14.00 | 100% | 40% | 0% |
| Social Science | 6 | 18.33 | 100% | 67% | 17% |